| 000 -LEADER |
| fixed length control field |
01075nam a22001937a 4500 |
| 001 - CONTROL NUMBER |
| control field |
4165 |
| 003 - CONTROL NUMBER IDENTIFIER |
| control field |
BD-DhUAP |
| 005 - DATE AND TIME OF LATEST TRANSACTION |
| control field |
20210128093753.0 |
| 008 - FIXED-LENGTH DATA ELEMENTS--GENERAL INFORMATION |
| fixed length control field |
200219s1998 bg ||||| |||| 00| 0 ben d |
| 040 ## - CATALOGING SOURCE |
| Original cataloging agency |
BD-DhUAP |
| Language of cataloging |
Ben |
| Transcribing agency |
BD-DhUAP |
| Modifying agency |
BD-DhUAP |
| 082 ## - DEWEY DECIMAL CLASSIFICATION NUMBER |
| Edition number |
23 |
| Classification number |
378.95492 BIW |
| 245 ## - TITLE STATEMENT |
| Title |
বিশ্ববিদ্যালয় পর্যায়ে শিক্ষা পদ্ধতি : |
| Remainder of title |
জাতীয় সেমিনার ১৯৯৭ / |
| Statement of responsibility, etc. |
আনোয়ারউল্লাহ চৌধুরী কর্তৃক সংকলিত ও সম্পাদিত। |
| 260 ## - PUBLICATION, DISTRIBUTION, ETC. |
| Place of publication, distribution, etc. |
ঢাকা : |
| Name of publisher, distributor, etc. |
বাংলাদেশ বিশ্ববিদ্যালয় মঞ্জুরি কমিশন, |
| Date of publication, distribution, etc. |
১৯৯৮। |
| 300 ## - PHYSICAL DESCRIPTION |
| Extent |
১০৭ পৃষ্ঠা ; |
| Dimensions |
২৫ সেমি.। |
| 650 ## - SUBJECT ADDED ENTRY--TOPICAL TERM |
| Topical term or geographic name entry element |
Higher Education |
| Geographic subdivision |
Bangladesh. |
| 700 ## - ADDED ENTRY--PERSONAL NAME |
| Personal name |
চৌধুরী, আনোয়ারউল্লাহ। |
| 710 ## - ADDED ENTRY--CORPORATE NAME |
| Corporate name or jurisdiction name as entry element |
বাংলাদেশ বিশ্ববিদ্যালয় মঞ্জুরি কমিশন। |
| 942 ## - ADDED ENTRY ELEMENTS (KOHA) |
| Source of classification or shelving scheme |
|
| Koha item type |
Book |